<?xml version="1.0" encoding="UTF-8"?>
<record
    xmlns:xsi="http://www.w3.org/2001/XMLSchema-instance"
    xsi:schemaLocation="http://www.loc.gov/MARC21/slim http://www.loc.gov/standards/marcxml/schema/MARC21slim.xsd"
    xmlns="http://www.loc.gov/MARC21/slim">

  <leader>02139nam a2200373 i 4500</leader>
  <controlfield tag="001">000048274</controlfield>
  <controlfield tag="003">DO-SdBNP</controlfield>
  <controlfield tag="005">20250904103433.0</controlfield>
  <controlfield tag="007">ta</controlfield>
  <controlfield tag="008">081201s2004    dr            001 0 spa d</controlfield>
  <datafield tag="020" ind1=" " ind2=" ">
    <subfield code="a">9993477443</subfield>
  </datafield>
  <datafield tag="040" ind1=" " ind2=" ">
    <subfield code="a">DO-SdBNP</subfield>
    <subfield code="b">spa</subfield>
    <subfield code="c">BNPHU</subfield>
    <subfield code="e">rda</subfield>
  </datafield>
  <datafield tag="041" ind1=" " ind2=" ">
    <subfield code="a">spa</subfield>
  </datafield>
  <datafield tag="082" ind1=" " ind2="4">
    <subfield code="a">972.9304</subfield>
    <subfield code="b">R696g 2004</subfield>
    <subfield code="2">22</subfield>
  </datafield>
  <datafield tag="100" ind1="1" ind2=" ">
    <subfield code="a">Rodr&#xED;guez Obj&#xED;o, Manuel,</subfield>
    <subfield code="d">1838-1871.</subfield>
    <subfield code="9">887</subfield>
    <subfield code="e">autor</subfield>
    <subfield code="4">aut.</subfield>
  </datafield>
  <datafield tag="245" ind1="1" ind2="0">
    <subfield code="a">Gregorio Luper&#xF3;n e historia de la Restauraci&#xF3;n /</subfield>
    <subfield code="c">Manuel Rodr&#xED;guez Obj&#xED;o ; presentaci&#xF3;n, Porfirio Garc&#xED;a Fern&#xE1;ndez ; correcci&#xF3;n, Marina Aybar G&#xF3;mez y Frank Pe&#xF1;a.</subfield>
  </datafield>
  <datafield tag="250" ind1=" " ind2=" ">
    <subfield code="a">Segunda edici&#xF3;n </subfield>
  </datafield>
  <datafield tag="264" ind1=" " ind2="4">
    <subfield code="a">Santo Domingo :</subfield>
    <subfield code="b">Universitaria - UASD,</subfield>
    <subfield code="c">&#xA9;2004.</subfield>
  </datafield>
  <datafield tag="300" ind1=" " ind2=" ">
    <subfield code="a">2 volumen ;</subfield>
    <subfield code="c">21 cm.</subfield>
  </datafield>
  <datafield tag="336" ind1=" " ind2=" ">
    <subfield code="a">texto</subfield>
    <subfield code="b">txt</subfield>
    <subfield code="2">rdacontent</subfield>
  </datafield>
  <datafield tag="337" ind1=" " ind2=" ">
    <subfield code="a">sin mediaci&#xF3;n</subfield>
    <subfield code="b">nc</subfield>
    <subfield code="2">rdamedia</subfield>
  </datafield>
  <datafield tag="338" ind1=" " ind2=" ">
    <subfield code="a">volumen</subfield>
    <subfield code="b">nc</subfield>
    <subfield code="2">rdacarrier</subfield>
  </datafield>
  <datafield tag="490" ind1=" " ind2=" ">
    <subfield code="a">Universidad Aut&#xF3;noma de Santo Domingo</subfield>
    <subfield code="v">1149</subfield>
  </datafield>
  <datafield tag="490" ind1=" " ind2=" ">
    <subfield code="a">Cultura dominicana</subfield>
    <subfield code="v">106</subfield>
  </datafield>
  <datafield tag="500" ind1=" " ind2=" ">
    <subfield code="a">La biblioteca posee el volumen 2.</subfield>
  </datafield>
  <datafield tag="505" ind1="2" ind2=" ">
    <subfield code="a">v.2--</subfield>
    <subfield code="g">Segunda &#xE9;poca --</subfield>
    <subfield code="t">Presentaci&#xF3;n --</subfield>
    <subfield code="t">Manuel Rodr&#xED;guez Obj&#xED;o precursor de la historia nacional --</subfield>
    <subfield code="g">Cap&#xED;tulo tercero.</subfield>
    <subfield code="t">Relaciones con Hait&#xED; --</subfield>
    <subfield code="g">Cap&#xED;tulo cuarto.</subfield>
    <subfield code="t">El Triunvirato en Santo Domingo: su renuncia --</subfield>
    <subfield code="g">Cap&#xED;tulo quinto.</subfield>
    <subfield code="t">El Partido Nacional en el poder --</subfield>
    <subfield code="g">Cap&#xED;tulo sexto.</subfield>
    <subfield code="t">Los baecistas derrocan a Cabral --</subfield>
    <subfield code="g">Tercera &#xE9;poca.</subfield>
    <subfield code="g">Cap&#xED;tulo primero.</subfield>
    <subfield code="t">Contrarrevoluci&#xF3;n de los proscritos --</subfield>
    <subfield code="g">Cap&#xED;tulo segundo.</subfield>
    <subfield code="t">Luper&#xF3;n dirige el movimiento nacionalista --</subfield>
    <subfield code="g">Cap&#xED;tulo tercero.</subfield>
    <subfield code="t">Proyectos, intrigas y desavenencias --</subfield>
    <subfield code="g">Cap&#xED;tulo cuarto.</subfield>
    <subfield code="t">Actividades de la causa nacional --</subfield>
    <subfield code="g">Cap&#xED;tulo quinto.</subfield>
    <subfield code="t">Odisea y complicaciones del "Tel&#xE9;grafo" --</subfield>
    <subfield code="g">Cap&#xED;tulo sexto.</subfield>
    <subfield code="t">Agitaciones contra la anexi&#xF3;n a los Estados Unidos --</subfield>
    <subfield code="t">Post scriptum.</subfield>
  </datafield>
  <datafield tag="590" ind1=" " ind2=" ">
    <subfield code="a">Inventariado, 2019/LP</subfield>
  </datafield>
  <datafield tag="600" ind1="1" ind2="4">
    <subfield code="a">Luper&#xF3;n, Gregorio,</subfield>
    <subfield code="d">1839-1897</subfield>
    <subfield code="9">888</subfield>
  </datafield>
  <datafield tag="651" ind1=" " ind2="0">
    <subfield code="a">REP&#xDA;BLICA DOMINICANA</subfield>
    <subfield code="x">HISTORIA</subfield>
    <subfield code="y">RESTAURACI&#xD3;N 1863-1865</subfield>
    <subfield code="9">896</subfield>
  </datafield>
  <datafield tag="700" ind1="1" ind2=" ">
    <subfield code="a">Garc&#xED;a Fern&#xE1;ndez, Porfirio,</subfield>
    <subfield code="e">presentador</subfield>
    <subfield code="9">17488</subfield>
    <subfield code="4">present.</subfield>
  </datafield>
  <datafield tag="700" ind1="1" ind2=" ">
    <subfield code="a">Aybar G&#xF3;mez, Marina,</subfield>
    <subfield code="e">corrector</subfield>
    <subfield code="9">72321</subfield>
    <subfield code="4">co.</subfield>
  </datafield>
  <datafield tag="700" ind1="1" ind2=" ">
    <subfield code="a">Pe&#xF1;a, Frank,</subfield>
    <subfield code="e">corrector</subfield>
    <subfield code="9">75707</subfield>
    <subfield code="4">co.</subfield>
  </datafield>
  <datafield tag="942" ind1=" " ind2=" ">
    <subfield code="2">ddc</subfield>
    <subfield code="c">LBS1</subfield>
  </datafield>
  <datafield tag="952" ind1=" " ind2=" ">
    <subfield code="0">0</subfield>
    <subfield code="1">0</subfield>
    <subfield code="2">ddc</subfield>
    <subfield code="5">1</subfield>
    <subfield code="7">0</subfield>
    <subfield code="8">PD</subfield>
    <subfield code="a">BNPHU</subfield>
    <subfield code="b">BNPHU</subfield>
    <subfield code="c">HD</subfield>
    <subfield code="d">2018-12-11</subfield>
    <subfield code="l">0</subfield>
    <subfield code="o">BNPHU PD 972.9304 R696g 2004</subfield>
    <subfield code="p">48274-10</subfield>
    <subfield code="r">2020-06-25</subfield>
    <subfield code="t">v.2</subfield>
    <subfield code="w">2020-06-25</subfield>
    <subfield code="y">LBS1</subfield>
    <subfield code="Z">No se presta</subfield>
  </datafield>
  <datafield tag="952" ind1=" " ind2=" ">
    <subfield code="0">0</subfield>
    <subfield code="1">0</subfield>
    <subfield code="2">ddc</subfield>
    <subfield code="5">1</subfield>
    <subfield code="7">0</subfield>
    <subfield code="8">PD</subfield>
    <subfield code="a">BNPHU</subfield>
    <subfield code="b">BNPHU</subfield>
    <subfield code="c">HD</subfield>
    <subfield code="d">2024-05-06</subfield>
    <subfield code="e">Donado por la Presidencia de la Rep&#xFA;blica Dominicana</subfield>
    <subfield code="l">0</subfield>
    <subfield code="o">BNPHU PD 972.9304 R696g 2004</subfield>
    <subfield code="p">2024-2795</subfield>
    <subfield code="r">2024-05-06</subfield>
    <subfield code="t">v.2, e.2</subfield>
    <subfield code="w">2024-05-06</subfield>
    <subfield code="y">LBS1</subfield>
    <subfield code="z">Perteneci&#xF3; a la biblioteca personal de Emilio Cordero Michel.</subfield>
  </datafield>
  <datafield tag="999" ind1=" " ind2=" ">
    <subfield code="c">47762</subfield>
    <subfield code="d">47762</subfield>
  </datafield>
</record>
